Regions of Denmark with a Map - Statistics

General Stats
  • This quiz has been taken 2,704 times
  • The average score is 4 of 5
Answers on the Map
Answers color-coded by a green-red scale on the quiz's map according to % correct below.
 
Answer Stats
Region % Correct
Capital Region of Denmark
88%
North Denmark
88%
Southern Denmark
86%
Central Denmark
84%
Zealand
79%
No matching quizzes found
Score Distribution
Percent of People with Each Score
Percentile by Number Answered
Your Score History
You have not taken this quiz